书目信息 |
| 题名: |
数学实验
|
|
| 作者: | 李尚志 , 陈发来 , 吴耀华 , 张韵华 著 | |
| 分册: | ||
| 出版信息: | 北京 高等教育出版社 1999.09 |
|
| 页数: | 205页 | |
| 开本: | 26cm | |
| 丛书名: | ||
| 单 册: | ||
| 中图分类: | O13-33 | |
| 科图分类: | ||
| 主题词: | 高等数学--科学试验 | |
| 电子资源: | ||
| ISBN: | 7-04-007762-0 | |
| 000 | 00649nam0 2200241 45 | |
| 001 | 0201250994 | |
| 005 | 20041201103700.8 | |
| 010 | @a7-04-007762-0@dCNY12.10 | |
| 100 | @a20020125d1999 km y0chiy0120 ea | |
| 101 | 0 | @achi |
| 105 | @a z 000yy | |
| 200 | 1 | @a数学实验@AShu Xue Shi Yan@f李尚志等著@FLi Shang Zhi Deng Zhu |
| 210 | @a北京@c高等教育出版社@d1999.09@h2000重印 | |
| 215 | @a205页@d26cm | |
| 300 | @a面向21世纪课程教材 | |
| 606 | 0 | @a高等数学@x科学试验 |
| 690 | @aO13-33@v4 | |
| 701 | 0 | @a李尚志@4著 |
| 701 | 0 | @a陈发来@4著 |
| 701 | 0 | @a吴耀华@4著 |
| 701 | 0 | @a张韵华@4著 |
| 801 | @aCN@bTSTC@c20020125 | |
| 905 | @dO13-33@e151 | |
| 数学实验/李尚志等著.-北京:高等教育出版社,1999.09(2000重印) |
| 205页;26cm |
| 面向21世纪课程教材 |
| ISBN 7-04-007762-0:CNY12.10 |
| ● |
| 相关链接 |
|
|
|
|
正题名:数学实验
索取号:O13-33/151
 
预约/预借
| 序号 | 登录号 | 条形码 | 馆藏地/架位号 | 状态 | 备注 |
| 1 | 0304275 | 203042750 | 第三借阅区/ [索取号:O13-33/151] | 在馆 | |
| 2 | 0304276 | 203042769 | 第三借阅区/ [索取号:O13-33/151] | 在馆 | |
| 3 | 0304277 | 203042778 | 第三借阅区/ [索取号:O13-33/151] | 在馆 | |
| 4 | 0304278 | 203042787 | 第三借阅区/ [索取号:O13-33/151] | 在馆 | |
| 5 | 0304279 | 203042796 | 第二样本阅览室/ [索取号:O13-33/151] | 在馆 |